|
|
|
|
| LEADER |
00000nab a2200000uu 4500 |
| 001 |
vtls011449334 |
| 003 |
SK-MaSNL |
| 005 |
20260303162300.0 |
| 008 |
230121|1992 xo |||||||||||||||||slo| |
| 015 |
|
|
|a SNBRB
|
| 035 |
|
|
|a (urnnbn)urn:nbn:sk:snk:ar-0062qy
|
| 035 |
|
|
|a (uuid)06a22910-d460-4101-97bc-d9502c3541bf
|
| 035 |
|
|
|a urn:nbn:sk:snk-abclrx
|
| 040 |
|
|
|a SNKBUCL
|b slo
|c SNKBUCL
|e AACR2
|
| 041 |
0 |
|
|a slo
|
| 044 |
|
|
|a xo
|c SK
|
| 100 |
1 |
|
|a Šingliar, Michal,
|d 1923-
|4 aut
|9 220715
|
| 245 |
1 |
0 |
|a Využitie prírodných zeolitov v poľnohospodárstve
|c Michal Šingliar, Anna Sopková, Ján Bubanec, Pavol Fabián, František Kaľavský
|
| 700 |
1 |
|
|a Bubanec, Ján
|4 aut
|9 39690
|
| 700 |
1 |
|
|a Fabián, Pavol
|4 aut
|9 170516
|
| 700 |
1 |
|
|a Kaľavský, František,
|d 1959-
|4 aut
|9 217755
|
| 700 |
1 |
|
|a Sopková, Anna,
|d 1927-1999
|4 aut
|9 221519
|
| 773 |
0 |
|
|t Agrochémia : časopis pre chemizáciu poľnohospodárstva
|g Roč. 32, č. 4 (1992), s. 91-93
|
| 958 |
|
|
|a OND
|
| 958 |
|
|
|a EUIPO
|
| 958 |
|
|
|a article16
|
| 999 |
|
|
|c 2052949
|d 2054879
|